Redefiniendo a la criminologa̕ acadm̌ica hacia una pedagoga̕ criminolg̤ica

Bibliographic Details
Main Author: Hikal Carren̤, Wael Sarwat
Other Authors: Monroy Ojeda, Carla
Format: eBook
Language:Spanish
Published: Barcelona : Editorial vLex, 2012
Subjects:
Online Access:http://www.vlex.com/source/7024

MARC

LEADER 00000nam a22000007a 4500
005 20130225171625.0
007 cr|||| ||||
008 130225e2012 sp |||||s|||| 00||0 spa d
020 |a 978-607-610-039-4 
035 |a 7024 
040 |a vLex 
090 |c 3754  |d 3754 
100 1 0 |a Hikal Carren̤, Wael Sarwat  
245 1 0 |a Redefiniendo a la criminologa̕ acadm̌ica  |b hacia una pedagoga̕ criminolg̤ica  |h [Recurso electrn̤ico] 
256 |a Servicios en ln̕ea 
260 |a Barcelona :  |b Editorial vLex,   |c 2012  
300 |a 1 Recurso electrn̤ico 
650 0 4 |a Criminologa̕ 
700 1 0 |a Monroy Ojeda, Carla 
740 |a vLex Libros (Servicio en ln̕ea) 
856 |a Acceso restringido  |u http://www.vlex.com/source/7024 
942 |c BOOK 
999 0 |a Criminology